| 000 | 00647nam a22002057a 4500 | ||
|---|---|---|---|
| 003 | 0 | ||
| 005 | 20250911153156.0 | ||
| 008 | 250911b xxu||||| |||| 00| 0 eng d | ||
| 020 | _a978-1-394-29441-1 | ||
| 050 |
_aHD 69.P75 _b.K47 2025 |
||
| 100 |
_aKerzner, Harold, _eauthor. |
||
| 245 |
_aProject management : _bcase studies / _cHarold Kerzner. |
||
| 250 | _aSeventh edition. | ||
| 260 |
_aHoboken, New Jersey : _bJohn Wiley & Sons, Inc., _c2025. |
||
| 300 |
_axvii, 878 pages : _billustrations ; _c23 cm. |
||
| 504 | _aIncludes index. | ||
| 650 |
_aProject management _xCase studies. |
||
| 650 |
_aManagement _xCase studies. |
||
| 942 |
_2lcc _cBK |
||
| 999 |
_c367904 _d367904 |
||